Environmental adaptations and stress tolerance of plants in the era of climate change

Αποθηκεύτηκε σε:
Λεπτομέρειες βιβλιογραφικής εγγραφής
Άλλοι συγγραφείς: Ahmad, Parvaiz (Επιμελητής έκδοσης), Prasad, M. N. V. (Majeti Narasimha Vara) 1953- (Επιμελητής έκδοσης)
Μορφή: Βιβλίο
Γλώσσα:English
Δημοσίευση: New York : Springer New York, c2012.
Θέματα:
Ετικέτες: Προσθήκη ετικέτας
Δεν υπάρχουν, Καταχωρήστε ετικέτα πρώτοι!

MARC

LEADER 00000nam a2200000 a 4500
001 1/111603
008 160831s2012####nyua ||| |001 |deng||
020 |a 9781461408147 
040 |a GR-MyUa  |b gre  |c GR-MyUa  |e AACR2 
041 0 |a eng 
082 7 |a 581.42   |2 (23)  
245 0 0 |a Environmental adaptations and stress tolerance of plants in the era of climate change /   |c Parvaiz Ahmad, M.N.V. Prasad, editors.  
260 |a New York :   |b Springer New York,   |c c2012.  
300 |a xvi, 515 σ. :   |b εικ. ;   |c 25 εκ.  
504 |a Περιλαμβάνει βιβλιογραφία και ευρετήριο.  
505 8 |a 1. Abiotic stress responses in plants: an overview / Hans-Werner Koyro, Parvaiz Ahmad, and Nicole Geissler -- 2. Prospects of halophytes in understanding and managing / Vinayak H. Lokhande and Penna Suprasana -- 3. UV-B radiation, its effects and defense mechanisms in terrestrial plants / Fernando E. Prado, Mariana Rosa, Carolina Prado, Griselda Podazza, Roque Interdonato, Juan A. González, and Mirna Hilal -- 4. K⁺ nutrition, uptake, and its role inenvironmental stress in plants / Manuel Nieves-Cordones, Fernando Alemán, Mario Fon, Vicente Martínez, and Francisco Rubio -- 5. Temperature stress and responses of plants / Anna Źróbek-Sokolnik -- 6. Responses and management of heat stress in plants / Abdul Wahid, Muhammad Farooq, Iqbal Hussain, Rizwan Rasheed, and Saddia Galani -- 7. Understanding chilling tolerance traits using Arabidopsis chilling-sensitive mutants / Dana Zoldan, Reza Shekaste Band, Charles L. Guy, and Ron Porat -- 8. Root form and function in plant as an adaptation to changing climate / Maria Rosa Abenavoli, Maria Rosaria Panuccio, and Agostino Sorgonà -- 9. Reactive oxygen species and nitric oxide in plants under cadmium stress: from toxicity to signaling / Luisa M. Sandalio, Maria Rodriguez-Serrano, Dharmendra K. Gupta, Angustias Archilla, Maria C. Romero-Puertas, and Luis a del Río -- 10. Reactive nitrogen inflows and nitrogen use efficiency in agriculture: an environment perspective / Khalid Rehman Hakeem, Ruby Chandna, AltafAhmad, and Muhammad Iqbal -- 11. Arbuscular mycorrhizal symbiosis and other plant-soil interactions in relation toenvironmental stress / Patrick Audet -- 12. MicroRNAs and their role in plants during abiotic stresses / Praveen Guleria, Deepmala Goswami, Monika Mahajan, Vinay Kumar, Jytoi Bhardwaj, and Sudesh Kumar Yadav -- 13. Transcription factors involved in environmental stress responses in plants / Haibo Xin, Feng Ain, and Lam-Son Phan Tran -- 14. Plant signaling under abiotic stress environment / Parvaiz Ahmad, Renu Bhardwaj, and Narendra Tuteja -- 15. Calcium signalling in plant cells under environmental stress / Sylvia Lindberg, Md. Mbdul Kader, and Vladislav Yemelyanov -- 16. Role of H₂O₂ as signaling molecule in plants / M.A. Matilla-Vázquez and A.J. Matilla -- 17. Role of phytohormone signaling during stress / Mohammad Miransari -- 18. Ethylene and abiotic stress tolerance in plants / Elisa Gamalero and Bernard R. Glick -- 19. New approaches to study metal-induced stress in plants / M.C. Cia, F.F. Capaldi, R.F. Carvalho, P.L. Gratão, and R.A. Azevedo -- 20. Sulfur in the alleviation of cadmium-induced oxidative stress in plants / Noushina Iqbal, Nafees A. Khan, Md. Iqbal R. Khan, Rahat Nazar, Asim Masood, and Shabina Syeed -- 21. Role of salicylic acid in alleviating heavy metal stress / Losanka P. Popova, Liliana T. Maslenkova, Albena Ivanova, and Zhivka Stoinova -- 22. Bioremediation and mitigation of organic contaminants in the era of climate changes / Laura Coppola, Edoardo Puglisi, Costantino Vischetti, and Marco Trevisan -- 23. Exploitation of weeds and ornamentals for bioremediation of metalliferous substrates in the era of climate change / M.N.V. Prasad. 
650 0 |a Vegetation and climate. 
650 0 |a Plants  |x Adaptation. 
650 0 |a Plants  |x Effect of stress on. 
700 1 |a Ahmad, Parvaiz,  |e edt 
700 1 |a Prasad, M. N. V.  |q (Majeti Narasimha Vara)  |d 1953-  |e edt 
852 |a INST  |b LEMNOS  |e 20190530  |h 581.42 ENV  |p 005600002665  |q 005600002665  |t BK  |y 0 
852 |a INST  |b LESVOS  |c BK  |e 20160831  |h 581.42 ENV  |p 005100058383  |q 005100058383  |t BK  |y 0 
922 |a 1ΕΛΗ  |b 2016-06  |c Τμήμα Περιβάλλοντος  |d Δρες 
922 |a 6ΕΛΗ  |b 2016-07  |c Παράρτημα Βιβλιοθήκης Λήμνου.ΤΕΤΔ  |d Bookpath. Δημήτρης Δρες 
970 |a Τζαφέρη  |b Ευαγγελία  |z 31-08-2016